科学实验王 38:速度与速率 (Record no. 322811)

000 -LEADER
fixed length control field 00480 a2200169 4500
020 ## - ISBN
ISBN 9787556881208
082 ## - 索书号 Call Number
分类号Classification number 301.3
作者号 Author number 45463 v.38
100 ## - 作者
作者 韩)故事工厂 著;(韩)弘钟贤 绘
245 ## - 书名 TITLE
书名Title 科学实验王 38:速度与速率
250 ## - 版本 EDITION STATEMENT
版本叙述 Edition statement 初版;平装
260 ## - 出版项PUBLICATION, DISTRIBUTION, ETC. (IMPRINT)
出版社 Name of publisher 二十一世纪出版社集团
出版日期 Date of publication 2024
出版地 Place of publication 南昌
300 ## - 稽核项 PHYSICAL DESCRIPTION
页数 Number of Pages 161页
尺寸 Dimensions 25公分
490 ## - 集丛项 SERIES STATEMENT
集丛题名 Series statement 我的第一本科学漫画书
500 ## - 一般附注 GENERAL NOTE
附注 General note
700 ## - ADDED ENTRY--PERSONAL NAME
第二作者 / 译者 / 绘者 徐月珠 译
942 ## - ADDED ENTRY ELEMENTS (KOHA)
Koha item type Books
Holdings
Source of classification or shelving scheme Not for loan Permanent Location Current Location Shelving location Date acquired Source of acquisition Cost, normal purchase price Full call number Barcode Cost, replacement price Koha item type
    LIBRARY CHUNG HWA HIGH SCHOOL MUAR LIBRARY CHUNG HWA HIGH SCHOOL MUAR 一楼科普漫画区 1st Floor Science Comic Area 2026-03-25 35.00 301.3 45463 v.38 050364 70.00 Books

Powered by Koha